Leicester City Current Squad - Statistics

General Stats
  • This quiz has been taken 2,942 times
    739 since last reset
  • The average score is 18 of 30
Answers on the Map
Answers color-coded by a green-red scale on the quiz's map according to % correct below.
 
Answer Stats
# Position Player Nation % Correct
9 FW Jamie Vardy
97%
3 DF Wout Faes
91%
6 MF Wilfred Ndidi
85%
18 FW Jordan Ayew
82%
8 MF Harry Winks
81%
1 GK Danny Ward
79%
Manager Ruud van Nistelrooy
78%
2 DF James Justin
75%
20 FW Patson Daka
74%
21 DF Ricardo Pereira
73%
14 FW Bobby De Cordova-Reid Jamaica
71%
4 DF Conor Coady
71%
10 FW Stephy Mavididi
69%
23 DF Jannik Vestergaard
64%
22 MF Oliver Skipp
63%
11 MF Bilal El Khannouss
57%
30 GK Mads Hermansen
57%
7 FW Abdul Fatawu
54%
24 MF Boubakary Soumaré
52%
29 FW Odsonne Édouard
51%
5 DF Caleb Okoli
50%
16 DF Victor Kristiansen
49%
40 MF Facundo Buonanotte
47%
33 DF Luke Thomas
38%
31 GK Daniel Iversen
35%
35 MF Kasey McAteer
32%
41 GK Jakub Stolarczyk
27%
34 MF Michael Golding
20%
25 DF Woyo Coulibaly
20%
44 MF Sammy Braybrooke
13%
No matching quizzes found
Score Distribution
Percent of People with Each Score
Percentile by Number Answered
Your Score History
You have not taken this quiz since the last reset